=LDR 00000nam 2200000 4500 =001 INLIS000000001052814 =005 20240925021249 =035 ##$$a 0010-0924000353 =245 1#$$a Undang-Undang RI Nomor 8 tentang pemilihan umumanggota DPR, DPD & DPRD tahun 2012 /$c INDONESIA =100 #$$a INDONESIA =300 ##$$a viii, 276 hlm. ; $c 21 x 16 cm. =260 ##$$a Jakarta :$b Tamita Utama,$c 2012 =082 ##$$a R. 342.07 =084 ##$$a R. 342.07 IND u =020 ##$$a 978-602-7531-08-6 =600 #4$$a PEMILIHAN UMUM-UNDANG-UNDANG =008 240925################g##########0#ind## =990 ##$$a 21302258 =990 ##$$a 21302259